000 01100nam a2200241Ia 4500
003 OSt
005 20210910144928.0
008 210310s1998 ve ad gr 000 0 eng d
020 _a9806073339 (English)
020 _a9806073231 (Spanish)
040 _aCO-JMCR
_cCO-JMCR
041 0 _aeng
082 0 4 _a338.272880987 /
_bC794g
_223
100 1 _aCordeiro, Jose Luis,
_eauthor
_928221
245 1 4 _aThe Great Taboo :
_ba true nationalization of the venezuelan petroleum /
_cJosé Luis Cordeiro
260 _aVenezuela :
_bCedice,
_c1998.
300 _a158 pages :
_billustrations and graphics in black and white,
_c23 cm.
505 0 _aThe life-Blood of Venezuela. -- A "Hollow" Nationalization: the state and the nation. -- God and the Market. -- Venezuela: Between Iraq and texas. -- Petrosaurs: An Endangered Species. -- The velvet revolution. -- The excrement of all Venezuela. -- Towards a New Venezuela.
650 1 4 _aPetroleum industry and trade
_zVenezuela.
_940252
650 2 4 _aPrivatization
_zVenezuela.
_940253
650 2 4 _aPetroleum industry and trade.
_940254
942 _2ddc
_cBK
999 _c12432
_d12432